00657 2200193 4500245003500000020002200035250001100057100001300068700001400081700001500095650001700110005001900127260003300146041001400179084001000193300002300203500022800226336000900454 aSweet Escape 1cKiyoshinhText a978-602-6383-24-2 aCet. 1 aKiyoshin aNovianita a@kiyoshin_ aKomik Remaja a20250106095638 aJakartabPenerbit Haruc2017 aIndonesia a741.5 a160 hlm. :c20 cm. aPunya pacar idol ? Kalau aku tidak memenangkan tiket ke Venesia... Kalau aku tidak berdiri di tempat itu dan dia menabrakku... Kalau malaikat tidak sedang iseng mempertemukan kami... Dia tidak akan pernah tahu keberadaanku. atext